<The> Influence of the Amount of Parental Allowance on the Development of Human Capital in the Slovak Republic
Rodičovský príspevok ako forma štátnej sociálnej dávky, ktorá slúži ako spôsob sociálnej ochrany občanov a prostredníctvom ktorej chce vláda SR zmierniť nepriaznivé ekonomické dopady na mladé rodiny s malými deťmi a motivovať ich založiť rodinu alebo zvýšiť počet potomkov. Otázka neadresného smerova...
Salvato in:
| Autore principale: | |
|---|---|
| Natura: | Capitolo di libro |
| Lingua: | inglese |
| Soggetti: | |
| Tags: |
Nessun Tag, puoi essere il primo ad aggiungerne!!
|
MARC
| LEADER | 00000naa$a2200000$$$4500 | ||
|---|---|---|---|
| 001 | 0272551 | ||
| 005 | 20240502074309.6 | ||
| 041 | 0 | |a eng | |
| 044 | |a SK | ||
| 245 | 1 | 0 | |a <The> Influence of the Amount of Parental Allowance on the Development of Human Capital in the Slovak Republic |c Veronika Véghová Vančo |
| 520 | |a Rodičovský príspevok ako forma štátnej sociálnej dávky, ktorá slúži ako spôsob sociálnej ochrany občanov a prostredníctvom ktorej chce vláda SR zmierniť nepriaznivé ekonomické dopady na mladé rodiny s malými deťmi a motivovať ich založiť rodinu alebo zvýšiť počet potomkov. Otázka neadresného smerovania dávky a jej nedostatočnej výšky pre znevýhodnené rodiny, ktoré to skutočne potrebujú. | ||
| 610 | 2 | 0 | |a príspevok rodičovský |
| 610 | 2 | 0 | |a kapitál ľudský |
| 610 | 2 | 0 | |a dovolenka rodičovská |
| 610 | 2 | 0 | |a dávky sociálne |
| 610 | 2 | 0 | |a demografia |
| 100 | 1 | |a Véghová Vančo, Veronika, 1991- | |